Prowincje Sudanu - Statystyki

Ogólne statystyki
  • Ten quiz został rozwiązany 45 razy
  • Średni wynik to 4 z 18
Odpowiedzi na mapie
Odpowiedzi zakodowano w zielono-czerwonej skali na mapie do tego quizu, zgodnie z poniższymi procentami.
 
Statystyki odpowiedzi
Ludność Powierzchnia Prowincja % Poprawnych
4 350 096 22 142 km² Chartum
88%
1 027 534 122 123 km² Nil
35%
1 188 707 30 411 km² Nil Biały
35%
2 529 370 185 302 km² Kordofan Północny
24%
1 111 859 158 355 km² Kordofan Południowy
24%
818 462 45 844 km² Nil Błękitny
24%
1 212 979 218 887 km² Prowincja Morza Czerwonego
24%
1 583 179 296 420 km² Darfur Północny
18%
2 890 348 127 300 km² Darfur Południowy
18%
1 006 801 79 460 km² Darfur Zachodni
18%
1 587 200 79 460 km² Darfur Wschodni
18%
1 320 405 111 373 km² Kordofan Zachodni
18%
833 743 348 765 km² Prowincja Północna
18%
3 575 280 23 373 km² Al-Dżazira
12%
2 499 000 34 000 km² Darfur Środkowy
12%
1 348 378 75 263 km² Al-Kadarif
6%
1 789 806 36 710 km² Kassala
6%
1 532 085 37 844 km² Sannar
6%
Nie znaleziono quizów pasujących do podanych kryteriów
Rozkład punktacji
Procent ludzi z każdym wynikiem
Percentyl według liczby udzielonych odpowiedzi
Twoja historia wyników
Nie rozwiązałeś tego quizu